00560nam a2200193Ia 4500008004100000100002200041245013400063260001100197300002100208440001500229521000700244650001700251650001400268650001900282650001700301650001000318650002500328650001300353140626s9999 xx 000 0 und d aCiochetto, Lynne. aAdvertising Vietnam, Cambodia and Laos in the first decade of the 21st century :b promise of things to come? /c Lynne.Ciochetto cc2013. a40 : 3, page 274 aMedia Asia aMC aAdvertising. aCambodia. aCommunication. aDevelopment. aLaos. aOutdoor advertising. aVietnam.